[Event "Barcelona Sant Marti op-A 23rd"]
[Site "Barcelona"]
[Date "2023.07.20"]
[Round "8"]
[White "Advait, Shankar Nair"]
[Black "Troffiguer, Olivier"]
[Result "1-0"]
[WhiteElo "1838"]
[BlackElo "2028"]
[PlyCount "85"]
[EventDate "2023.07.13"]
[EventType "swiss"]
[EventRounds "9"]
[EventCountry "ESP"]
[SourceTitle "CBM 215 Extra"]
[Source "ChessBase"]
[SourceDate "2023.09.30"]
[SourceVersion "1"]
[SourceVersionDate "2023.09.30"]
[SourceQuality "1"]

1. e4 c6 2. d4 d5 3. Nc3 dxe4 4. Nxe4 Nf6 5. Nxf6+ exf6 6. c3 Bd6 7. Bd3 0-0 8. Ne2 Re8 9. 0-0 Nd7 10. a4 a5 11. Ng3 Nf8 12. f4 Qc7 13. Qf3 g6 14. f5 Bxg3 15. hxg3 g5 16. Bc4 b6 17. Qh5 Ba6 18. Bxa6 Rxa6 19. Bxg5 fxg5 20. Qxg5+ Ng6 21. fxg6 fxg6 22. Rf6 Raa8 23. Raf1 Rad8 24. Kh2 Re7 25. Rxc6 Qxc6 26. Qxe7 Qd5 27. Rf6 Rb8 28. Rd6 Qh5+ 29. Qh4 Qf5 30. c4 Re8 31. Rd8 Rxd8 32. Qxd8+ Kg7 33. Qe7+ Kg8 34. d5 Qh5+ 35. Qh4 Qe5 36. Qd8+ Kg7 37. Qd7+ Kg8 38. Qd8+ Kg7 39. b3 Qh5+ 40. Qh4 Qe5 41. Qg4 Kg8 42. Kh3 Kf7 43. Qf4+ 1-0

[Event "Barcelona Sant Marti op-A 23rd"]
[Site "Barcelona"]
[Date "2023.07.16"]
[Round "4"]
[White "Lee Luen Mang, Stefan"]
[Black "Troffiguer, Olivier"]
[Result "1/2-1/2"]
[WhiteElo "1538"]
[BlackElo "2028"]
[PlyCount "150"]
[EventDate "2023.07.13"]
[EventType "swiss"]
[EventRounds "9"]
[EventCountry "ESP"]
[SourceTitle "CBM 215 Extra"]
[Source "ChessBase"]
[SourceDate "2023.09.30"]
[SourceVersion "1"]
[SourceVersionDate "2023.09.30"]
[SourceQuality "1"]

1. e4 c6 2. d4 d5 3. exd5 cxd5 4. Bd3 Nc6 5. c3 Qc7 6. h3 g6 7. Nf3 Bg7 8. 0-0 Bf5 9. Be2 Nf6 10. Nbd2 0-0 11. a3 Rfe8 12. Re1 Rad8 13. Bb5 Ne4 14. Nh4 Bd7 15. Nxe4 dxe4 16. Rxe4 e5 17. d5 Ne7 18. Be2 Nc8 19. Rc4 Qd6 20. Rb4 b6 21. a4 e4 22. g4 Bc6 23. Bg5 Bf6 24. dxc6 Bxg5 25. Qxd6 Rxd6 26. Ng2 Rd2 27. Bb5 Nd6 28. Rd4 Rxd4 29. cxd4 Bf6 30. Rd1 Rc8 31. d5 Bxb2 32. Ne3 Ba3 33. Nc4 Nxc4 34. Bxc4 Bd6 35. Ra1 f5 36. a5 bxa5 37. Rxa5 Rc7 38. Rb5 Kg7 39. Kf1 Kf6 40. gxf5 gxf5 41. Ke2 f4 42. Ra5 Ke5 43. Ra4 Bc5 44. Bb3 Re7 45. Rc4 Kxd5 46. f3 exf3+ 47. Kxf3 Kxc6 48. Ba4+ Kd6 49. Rxf4 a5 50. Rf6+ Ke5 51. Rf4 Rb7 52. Re4+ Kd5 53. Rg4 Bd4 54. Rg5+ Be5 55. Rg4 Rf7+ 56. Ke3 Rc7 57. Rh4 Rc3+ 58. Kd2 Rc7 59. Kd3 Rg7 60. Ke2 Bd4 61. Rh5+ Be5 62. Rh4 Rc7 63. Kd3 Rc3+ 64. Ke2 Rc7 65. Kd3 Rb7 66. Rg4 Rb4 67. Rxb4 axb4 68. Ke3 Kc4 69. Ke4 Bb2 70. Kf3 h6 71. Kg2 Bc1 72. Bd1 Kc3 73. Ba4 b3 74. Bxb3 Kxb3 75. Kh1 Kc3 1/2-1/2

[Event "San Sebastian op 43rd"]
[Site "San Sebastian"]
[Date "2023.04.02"]
[Round "2"]
[White "Swayams, Mishra"]
[Black "Troffiguer, Olivier"]
[Result "1-0"]
[WhiteElo "2480"]
[BlackElo "2025"]
[PlyCount "159"]
[EventDate "2023.04.01"]
[EventType "swiss"]
[EventRounds "9"]
[EventCountry "ESP"]
[SourceTitle "CBM 213 Extra"]
[Source "ChessBase"]
[SourceDate "2023.05.31"]
[SourceVersion "1"]
[SourceVersionDate "2023.05.31"]
[SourceQuality "1"]

1. d4 Nf6 2. c4 e6 3. Nf3 d5 4. Nc3 Bb4 5. Qa4+ Nc6 6. e3 0-0 7. Bd2 Bxc3 8. Bxc3 Ne4 9. Qc2 Nxc3 10. Qxc3 a5 11. Be2 Qe7 12. 0-0 Qb4 13. Qc2 h6 14. a3 Qe7 15. Rac1 dxc4 16. Qxc4 Bd7 17. Rc2 Rfc8 18. Rfc1 Nd8 19. Ne5 Be8 20. Bf3 c6 21. Qc5 Kf8 22. Nc4 Qxc5 23. dxc5 Rc7 24. Nb6 Rb8 25. Rc4 f6 26. Ra4 Nf7 27. Rd1 Ne5 28. Rxa5 Ke7 29. Ra4 Nd7 30. Nxd7 Rxd7 31. Rxd7+ Bxd7 32. Kf1 e5 33. Rb4 Kd8 34. Bg4 f5 35. Bh5 Kc7 36. f4 exf4 37. exf4 Be6 38. Bf3 Rd8 39. Ke2 g5 40. g3 g4 41. Bg2 h5 42. Ke1 h4 43. gxh4 Rh8 44. Kf2 Rxh4 45. Kg3 Rh7 46. Rd4 Bc8 47. Rd3 Re7 48. Kf2 Rh7 49. h3 gxh3 50. Rxh3 Rd7 51. Ke3 Rd1 52. Rh7+ Kb8 53. Rh1 Rd8 54. Bf3 Kc7 55. Rh7+ Kb8 56. Rh2 Kc7 57. Be2 Re8+ 58. Kf3 Be6 59. Bd3 Bd5+ 60. Kf2 Be4 61. Rh3 Bxd3 62. Rxd3 Re4 63. Kg3 Rc4 64. Rc3 Rd4 65. Rf3 Rd5 66. b4 b6 67. cxb6+ Kxb6 68. Kh4 c5 69. bxc5+ Kxc5 70. Kg5 Kd4 71. Rf1 Ra5 72. Re1 Rxa3 73. Kxf5 Ra8 74. Kg6 Ra6+ 75. Kg5 Ra2 76. f5 Rg2+ 77. Kh6 Rh2+ 78. Kg7 Rg2+ 79. Kf7 Rf2 80. f6 1-0

[Event "Benidorm op-A"]
[Site "Benidorm"]
[Date "2022.12.04"]
[Round "2"]
[White "Troffiguer, Olivier"]
[Black "Garcia Callejo, Jesus"]
[Result "0-1"]
[WhiteElo "2016"]
[BlackElo "2138"]
[PlyCount "112"]
[EventDate "2022.12.03"]
[EventType "swiss"]
[EventRounds "9"]
[EventCountry "ESP"]
[SourceTitle "CBM 211 Extra"]
[Source "ChessBase"]
[SourceDate "2023.01.31"]
[SourceVersion "1"]
[SourceVersionDate "2023.01.31"]
[SourceQuality "1"]

1. Nf3 d5 2. e3 Nf6 3. c4 e6 4. b3 Nbd7 5. Bb2 Be7 6. Be2 0-0 7. 0-0 c5 8. Nc3 b6 9. cxd5 exd5 10. d4 Bb7 11. Rc1 Rc8 12. Rc2 Re8 13. dxc5 bxc5 14. Qc1 Bf8 15. Rd1 Qa5 16. Na4 Ne4 17. Nd2 Nd6 18. Bg4 f5 19. Bf3 c4 20. Bc3 Qb5 21. Bd4 cxb3 22. axb3 Ne4 23. Bxe4 fxe4 24. Rxc8 Rxc8 25. Qb1 Bb4 26. Nf1 a5 27. Rc1 Rc6 28. Rxc6 Qxc6 29. Qb2 Bf8 30. Qc3 Bb4 31. Qb2 Nf6 32. h3 Ba6 33. Ng3 Ne8 34. Nf5 Qg6 35. Ng3 h5 36. Nc5 Bc8 37. Ne2 Qf5 38. Ng3 Qg5 39. Qe2 h4 40. Ngxe4 dxe4 41. Qc4+ Kh7 42. Nxe4 Qf5 43. f3 Nd6 44. Nxd6 Qb1+ 45. Kh2 Bxd6+ 46. f4 Qf5 47. Qc3 Bb7 48. Qd2 Qd5 49. Qf2 g5 50. Qc2+ Qe4 51. Qf2 Kg6 52. Kg1 gxf4 53. exf4 Bxf4 54. Bb6 Qb1+ 55. Qf1 Bh2+ 56. Kf2 Qf5+ 0-1

[Event "Sanxenxo Carlos op 12th"]
[Site "Sanxenxo"]
[Date "2021.06.27"]
[Round "2"]
[White "Martinez Reyes, Pedro Ramon"]
[Black "Troffiguer, Olivier"]
[Result "1-0"]
[WhiteElo "2417"]
[BlackElo "2052"]
[PlyCount "83"]
[EventDate "2021.06.26"]
[EventType "swiss"]
[EventRounds "9"]
[EventCountry "ESP"]
[SourceTitle "CBM 203 Extra"]
[Source "ChessBase"]
[SourceDate "2021.09.30"]
[SourceVersion "1"]
[SourceVersionDate "2021.09.30"]
[SourceQuality "1"]

1. e4 c6 2. c4 d5 3. exd5 cxd5 4. cxd5 Nf6 5. Bb5+ Nbd7 6. Nc3 g6 7. Nf3 Bg7 8. d6 exd6 9. Qe2+ Qe7 10. Qxe7+ Kxe7 11. 0-0 Rd8 12. d4 h6 13. a4 a6 14. Re1+ Kf8 15. Bc4 Nb6 16. Bb3 Bg4 17. a5 Bxf3 18. gxf3 Nc8 19. Ne4 Nh5 20. Ng3 Nxg3 21. hxg3 Ne7 22. Ra4 Nc6 23. Be3 d5 24. Kf1 Rac8 25. Ke2 Kg8 26. Kd3 Bf8 27. Bd2 Rc7 28. g4 Re7 29. Rh1 g5 30. f4 gxf4 31. Rh5 Bg7 32. Rf5 Re4 33. Rxd5 Rxd5 34. Bxd5 Rxd4+ 35. Rxd4 Nxd4 36. Bxb7 Nb3 37. Bb4 Bf8 38. Kc4 Bxb4 39. Kxb4 Nc1 40. Bxa6 f5 41. Bc4+ Kg7 42. gxf5 1-0

[Event "Bodensee op"]
[Site "Bregenz"]
[Date "2018.05.12"]
[Round "8"]
[White "Troffiguer, Olivier"]
[Black "Srienz, Christian"]
[Result "1-0"]
[WhiteElo "2087"]
[BlackElo "2225"]
[PlyCount "123"]
[EventDate "2018.05.05"]
[EventType "swiss"]
[EventRounds "9"]
[EventCountry "AUT"]
[SourceTitle "CBM 184 Extra"]
[Source "ChessBase"]
[SourceDate "2018.06.28"]
[SourceVersion "1"]
[SourceVersionDate "2018.06.28"]
[SourceQuality "1"]

1. d4 Nf6 2. Bf4 c5 3. d5 g6 4. Nc3 Bg7 5. Qd2 d6 6. Bh6 Bxh6 7. Qxh6 b5 8. Qd2 b4 9. Nd1 e5 10. g3 a5 11. Bg2 Nbd7 12. e4 Ba6 13. Ne2 Qb6 14. 0-0 0-0 15. Kh1 Kg7 16. Ne3 h6 17. f3 Rac8 18. Bh3 Rc7 19. Rae1 c4 20. c3 Nc5 21. Nc1 Rb8 22. Rf2 Ncxe4 23. fxe4 Nxe4 24. Qe2 Nxf2+ 25. Qxf2 bxc3 26. bxc3 Bc8 27. Bxc8 Rcxc8 28. g4 Rf8 29. Ne2 Qd8 30. Ng3 Rc8 31. Rf1 Rc7 32. Qd2 Kh7 33. Ne4 f6 34. Qe2 Kg7 35. Nxc4 Qa8 36. Ncxd6 Qxd5 37. Rd1 Qa8 38. Qg2 Kh8 39. Rf1 a4 40. Qh3 Kg7 41. Qf3 Kh8 42. h4 Qd8 43. h5 f5 44. hxg6 Rg7 45. Nxf5 Rxg6 46. Rd1 Qa8 47. Qe2 h5 48. Rd6 Rxg4 49. Rh6+ Kg8 50. Qc4+ Rf7 51. Ne7+ Kg7 52. Rh7+ Kxh7 53. Qxf7+ Kh8 54. Qxh5+ Kg7 55. Qxg4+ Kf7 56. Nf5 a3 57. Qg7+ Ke6 58. Qf6+ Kd5 59. Nfg3 Qa4 60. Qf7+ Kc6 61. Qe8+ Kd5 62. Qxa4 1-0

[Event "San Sebastian op 41st"]
[Site "San Sebastian"]
[Date "2018.03.25"]
[Round "3"]
[White "Hernandez Sanchez, Elvis de la Caridad"]
[Black "Troffiguer, Olivier"]
[Result "1-0"]
[WhiteElo "2261"]
[BlackElo "2095"]
[PlyCount "73"]
[EventDate "2018.03.24"]
[EventType "swiss"]
[EventRounds "9"]
[EventCountry "ESP"]
[SourceTitle "CBM 183 Extra"]
[Source "ChessBase"]
[SourceDate "2018.04.19"]
[SourceVersion "1"]
[SourceVersionDate "2018.04.19"]
[SourceQuality "1"]

1. e4 c5 2. Nf3 e6 3. c3 Nf6 4. e5 Nd5 5. d4 cxd4 6. cxd4 d6 7. Bc4 Nb6 8. Bd3 Nc6 9. Qe2 Bd7 10. Nc3 dxe5 11. dxe5 Nb4 12. Be4 Bc6 13. 0-0 Be7 14. Rd1 Qb8 15. a3 N4d5 16. Nxd5 Bxd5 17. Qb5+ Kf8 18. Qe2 Bxe4 19. Qxe4 Nd5 20. h4 Qe8 21. h5 h6 22. Bd2 Rc8 23. Rac1 Kg8 24. Rxc8 Qxc8 25. Rc1 Qd7 26. a4 Nb6 27. b3 Qd5 28. Qc2 f5 29. exf6 Bxf6 30. Qg6 Qd7 31. Bf4 Nd5 32. Be5 Ne7 33. Qg4 Kf7 34. Rc7 Qd1+ 35. Kh2 Qd3 36. Bxf6 gxf6 37. Rxe7+ 1-0

[Event "San Sebastian op 36th"]
[Site "San Sebastian"]
[Date "2013.03.27"]
[Round "6"]
[White "Troffiguer, Olivier"]
[Black "Sierra Carranza, Sergio"]
[Result "1-0"]
[WhiteElo "2119"]
[BlackElo "1881"]
[PlyCount "61"]
[EventDate "2013.03.23"]
[EventType "swiss"]
[EventRounds "9"]
[EventCountry "ESP"]
[SourceTitle "CBM 153 Extra"]
[Source "ChessBase"]
[SourceDate "2013.04.22"]
[SourceVersion "1"]
[SourceVersionDate "2013.04.22"]
[SourceQuality "1"]

1. d4 Nf6 2. c4 e6 3. Nc3 Bb4 4. e3 c5 5. Nge2 Nc6 6. a3 Bxc3+ 7. Nxc3 cxd4 8. exd4 h6 9. d5 exd5 10. cxd5 Ne7 11. Be2 Ng6 12. 0-0 0-0 13. Qd4 d6 14. Be3 Re8 15. Rac1 a6 16. Rfe1 Ne5 17. h3 Ned7 18. b4 Qe7 19. Bf4 Qf8 20. Bf3 Rxe1+ 21. Rxe1 g5 22. Bh2 Ne8 23. Qe3 Ng7 24. Ne4 Nf5 25. Qd3 Ne5 26. Nf6+ Kh8 27. Rxe5 dxe5 28. Bxe5 Qe7 29. Bc3 Kg7 30. d6 Qd8 31. d7 1-0

[Event "Prague op-A 10th"]
[Site "Prague"]
[Date "2011.01.07"]
[Round "1"]
[White "Jirka, Jiri"]
[Black "Troffiguer, Olivier"]
[Result "1-0"]
[WhiteElo "2424"]
[BlackElo "2165"]
[PlyCount "73"]
[EventDate "2011.01.07"]
[EventType "swiss"]
[EventRounds "9"]
[EventCountry "CZE"]
[SourceTitle "CBM 140 Extra"]
[Source "ChessBase"]
[SourceDate "2011.03.01"]
[SourceVersion "1"]
[SourceVersionDate "2011.03.01"]
[SourceQuality "1"]

1. d4 f5 2. g3 Nf6 3. Bg2 g6 4. b3 Bg7 5. Bb2 d6 6. Nf3 0-0 7. 0-0 Qe8 8. c4 Na6 9. Nc3 c6 10. Re1 h6 11. e4 fxe4 12. Nxe4 Qf7 13. Qd2 Nxe4 14. Rxe4 Bf5 15. Re3 g5 16. Rae1 Rae8 17. d5 c5 18. a3 b6 19. Bxg7 Qxg7 20. Qe2 Rf7 21. Nd2 Nc7 22. Be4 Bxe4 23. Nxe4 Rd8 24. Nd2 Rd7 25. Re6 Kf8 26. Nf1 Rd8 27. Re3 Re8 28. g4 e5 29. dxe6 Rfe7 30. Qf3+ Kg8 31. Ng3 Rxe6 32. Nh5 Qf7 33. Qg2 Rxe3 34. fxe3 Rf8 35. Ng3 d5 36. Nf5 Kh7 37. Rd1 1-0

[Event "Paris-ch op-A"]
[Site "Paris"]
[Date "2010.07.08"]
[Round "6"]
[White "Huguet, Etienne"]
[Black "Troffiguer, Olivier"]
[Result "0-1"]
[WhiteElo "1966"]
[BlackElo "2159"]
[PlyCount "76"]
[EventDate "2010.07.03"]
[EventType "swiss"]
[EventRounds "9"]
[EventCountry "FRA"]
[SourceTitle "CBM 137 Extra"]
[Source "ChessBase"]
[SourceDate "2010.09.01"]
[SourceVersion "1"]
[SourceVersionDate "2010.09.01"]
[SourceQuality "1"]

1. d4 f5 2. g3 Nf6 3. c4 g6 4. Bg2 Bg7 5. Nc3 d6 6. Nf3 0-0 7. 0-0 Qe8 8. Be3 Ng4 9. Bd2 e5 10. dxe5 dxe5 11. e4 c6 12. h3 Nh6 13. exf5 gxf5 14. Re1 Nf7 15. Qe2 Be6 16. Rad1 Nd7 17. Be3 Qe7 18. Nd5 cxd5 19. cxd5 Bxd5 20. Rxd5 b6 21. Nh4 Qe6 22. Red1 Nf6 23. R5d2 Rad8 24. Bb7 Rxd2 25. Rxd2 Rd8 26. b3 Rxd2 27. Bxd2 Nd6 28. Ba6 Nfe4 29. Bb4 Bf6 30. Qh5 Kg7 31. Ng2 Qf7 32. Qf3 Ng5 33. Qd1 Nxh3+ 34. Kh2 Ne4 35. Bc4 Nhxf2 36. Qf3 Qg6 37. Be6 Qh6+ 38. Kg1 Qh1# 0-1

[Event "Issy les Moulineaux tt"]
[Site "Issy les Moulineaux"]
[Date "2009.03.15"]
[Round "?"]
[White "Huguet, Etienne"]
[Black "Troffiguer, Olivier"]
[Result "0-1"]
[WhiteElo "1921"]
[BlackElo "2137"]
[PlyCount "48"]
[EventDate "2008.10.19"]
[EventType "team-tourn"]
[EventRounds "7"]
[EventCountry "FRA"]
[SourceTitle "EXT 2010"]
[Source "ChessBase"]
[SourceDate "2010.11.25"]
[SourceVersion "1"]
[SourceVersionDate "2010.11.25"]
[SourceQuality "1"]
[WhiteTeam "Evry"]
[BlackTeam "Issy les Moulineaux"]
[WhiteTeamCountry "FRA"]
[BlackTeamCountry "FRA"]

1. d4 f5 2. c4 Nf6 3. Nf3 g6 4. Nc3 Bg7 5. g3 d6 6. Bg2 0-0 7. 0-0 Qe8 8. e4 Nxe4 9. Nxe4 fxe4 10. Ng5 Nc6 11. Be3 e5 12. d5 Ne7 13. Nxe4 Nf5 14. c5 Nxe3 15. fxe3 Rxf1+ 16. Qxf1 Qe7 17. Qb5 Bh6 18. Re1 dxc5 19. Nxc5 a6 20. Qc4 Kg7 21. Kh1 Rb8 22. Qb4 a5 23. Ne6+ Qxe6 24. Qxa5 Qb6 0-1

[Event "Balatonlelle op 26th"]
[Site "Balatonlelle"]
[Date "2008.06.19"]
[Round "4.17"]
[White "Habibi, Ali"]
[Black "Troffiguer, Olivier"]
[Result "1-0"]
[WhiteElo "2264"]
[BlackElo "2120"]
[PlyCount "79"]
[EventDate "2008.06.14"]
[EventType "swiss"]
[EventRounds "9"]
[EventCountry "HUN"]
[SourceTitle "CBM 125 Extra"]
[Source "ChessBase"]
[SourceDate "2008.09.01"]
[SourceVersion "1"]
[SourceVersionDate "2008.09.01"]
[SourceQuality "1"]

1. Nf3 f5 2. c4 Nf6 3. Nc3 d6 4. e4 fxe4 5. Ng5 Bf5 6. d3 h6 7. dxe4 Bd7 8. Nf3 e5 9. c5 Nc6 10. cxd6 Bxd6 11. Bc4 Na5 12. Be2 g5 13. h3 Qe7 14. Be3 0-0-0 15. Qc2 Nc6 16. a3 Rhe8 17. 0-0 Nd4 18. Nxd4 exd4 19. Bxd4 Nxe4 20. Rfe1 Bh2+ 21. Kh1 Bxh3 22. gxh3 Rxd4 23. Bg4+ Kb8 24. Nxe4 Bf4 25. Rad1 Rxd1 26. Qxd1 a6 27. Qd7 Qf8 28. Qf5 Qh8 29. Re2 Qd4 30. Kg2 Re5 31. Qc8+ Ka7 32. Kf3 c6 33. b4 h5 34. Nc5 Rxc5 35. bxc5 Qxc5 36. Rb2 Qe7 37. a4 Qg7 38. Rb3 Qf7 39. Rd3 Qc4 40. Rd7 1-0

[Event "Balatonlelle op 26th"]
[Site "Balatonlelle"]
[Date "2008.06.16"]
[Round "3.22"]
[White "Wolter, Michael"]
[Black "Troffiguer, Olivier"]
[Result "1/2-1/2"]
[WhiteElo "2219"]
[BlackElo "2120"]
[PlyCount "83"]
[EventDate "2008.06.14"]
[EventType "swiss"]
[EventRounds "9"]
[EventCountry "HUN"]
[SourceTitle "CBM 125 Extra"]
[Source "ChessBase"]
[SourceDate "2008.09.01"]
[SourceVersion "1"]
[SourceVersionDate "2008.09.01"]
[SourceQuality "1"]

1. d4 f5 2. g3 Nf6 3. Bg2 g6 4. Nf3 Bg7 5. 0-0 0-0 6. b3 d6 7. Bb2 Ne4 8. Nbd2 Nc6 9. e3 e5 10. c4 Nxd2 11. Qxd2 e4 12. Ne1 Bd7 13. b4 Qe7 14. b5 Nd8 15. a4 Nf7 16. Nc2 h5 17. Ba3 h4 18. f4 exf3 19. Bxf3 c6 20. Qg2 Ng5 21. gxh4 Nxf3+ 22. Rxf3 Kh7 23. Rd1 Bh6 24. Qg3 Rf6 25. Nb4 Rg8 26. Kh1 g5 27. Rg1 Rg7 28. hxg5 Rxg5 29. Qf2 Rfg6 30. Rxg5 Rxg5 31. d5 c5 32. Nd3 Qe4 33. Nf4 Qxc4 34. Rg3 Qxa4 35. Bb2 Qe4+ 36. Kg1 Rxg3+ 37. hxg3 Bxf4 38. gxf4 Qe7 39. Qh2+ Kg6 40. Qg3+ Kh5 41. Qf3+ Kg6 42. Qg3+ 1/2-1/2

[Event "Balatonlelle op 26th"]
[Site "Balatonlelle"]
[Date "2008.06.14"]
[Round "1.18"]
[White "Troffiguer, Olivier"]
[Black "Horvath, Gabor"]
[Result "1-0"]
[WhiteElo "2120"]
[BlackElo "2292"]
[PlyCount "77"]
[EventDate "2008.06.14"]
[EventType "swiss"]
[EventRounds "9"]
[EventCountry "HUN"]
[SourceTitle "CBM 125 Extra"]
[Source "ChessBase"]
[SourceDate "2008.09.01"]
[SourceVersion "1"]
[SourceVersionDate "2008.09.01"]
[SourceQuality "1"]

1. d4 Nf6 2. Nf3 g6 3. c4 Bg7 4. Nc3 d6 5. e4 0-0 6. Be2 e5 7. 0-0 Nc6 8. Be3 h6 9. d5 Ne7 10. Ne1 c5 11. dxc6 bxc6 12. Qd2 d5 13. exd5 cxd5 14. cxd5 Nexd5 15. Nxd5 Qxd5 16. Bxh6 Bxh6 17. Qxh6 Bb7 18. Nf3 Rac8 19. Nh4 e4 20. Rfd1 Qe6 21. Rac1 Nh7 22. b3 Bd5 23. Rxc8 Rxc8 24. Qd2 Nf6 25. g3 Kg7 26. Ng2 Bb7 27. Nf4 Qc6 28. Qe3 Qc2 29. Qd2 e3 30. Qxc2 exf2+ 31. Kxf2 Rxc2 32. Ke3 Rxa2 33. h4 Rb2 34. Bc4 Ng4+ 35. Kd4 Nf2 36. Ra1 a6 37. Kc3 Nd1+ 38. Rxd1 Rf2 39. Rd7 1-0

[Event "Porto Carras op 2nd"]
[Site "Porto Carras"]
[Date "2005.04.25"]
[Round "5"]
[White "Zysk, Robert"]
[Black "Troffiguer, Olivier"]
[Result "1-0"]
[WhiteElo "2462"]
[BlackElo "2137"]
[PlyCount "159"]
[EventDate "2005.04.22"]
[EventType "swiss"]
[EventRounds "9"]
[EventCountry "GRE"]
[SourceTitle "CBM 105 Extra"]
[Source "ChessBase"]
[SourceDate "2005.05.01"]
[SourceVersion "1"]
[SourceVersionDate "2005.05.01"]
[SourceQuality "1"]

1. Nf3 f5 2. c4 Nf6 3. g3 g6 4. Bg2 Bg7 5. 0-0 0-0 6. Nc3 d6 7. d3 Nc6 8. Rb1 e5 9. Bg5 h6 10. Bxf6 Bxf6 11. Nd2 Ne7 12. b4 c6 13. b5 Be6 14. Qb3 Rf7 15. bxc6 bxc6 16. Qa3 d5 17. cxd5 Nxd5 18. Na4 Qf8 19. Qxf8+ Raxf8 20. Nc4 e4 21. Nc5 Re7 22. Nxe6 Rxe6 23. dxe4 fxe4 24. e3 Nc3 25. Bh3 Re7 26. Rb2 Rd8 27. Rc1 Rd5 28. Rbc2 Na4 29. Rb1 Kg7 30. Nd2 c5 31. Nb3 h5 32. Bf1 h4 33. Rc4 Nc3 34. Rb2 hxg3 35. hxg3 Nb5 36. Rd2 Rxd2 37. Nxd2 Nc3 38. a3 g5 39. Bg2 Rd7 40. Nxe4 Rd1+ 41. Kh2 Nxe4 42. Bxe4 Ra1 43. Ra4 a5 44. Rxa5 c4 45. Ra7+ Kf8 46. Kh3 c3 47. Kg4 Ra2 48. f3 c2 49. Rc7 Rxa3 50. Rxc2 Rb3 51. Kf5 Bd8 52. Rc8 Ke7 53. Rc4 Kd6 54. Rd4+ Kc7 55. Ke6 Ra3 56. Rd7+ Kc8 57. Bb7+ Kb8 58. Rxd8+ Kxb7 59. Rf8 Rxe3+ 60. Kd5 Kc7 61. g4 Kd7 62. Rf7+ Ke8 63. Rf5 Ra3 64. Ke6 Ra6+ 65. Ke5 Rg6 66. Rf6 Rg8 67. Ra6 Kd7 68. Kf5 Ke7 69. Ra7+ Kd6 70. Rf7 Kd5 71. Rd7+ Kc6 72. Rd3 Kc5 73. Kf6 Kc4 74. Re3 Kd4 75. Re4+ Kd5 76. Re5+ Kd6 77. Rf5 Kd7 78. Kf7 Ra8 79. Rxg5 Ra3 80. Rf5 1-0

[Event "FRA-chT2 0405"]
[Site "France"]
[Date "2005.01.09"]
[Round "6.3"]
[White "Dussart, Frederic"]
[Black "Troffiguer, Olivier"]
[Result "1-0"]
[WhiteElo "2284"]
[BlackElo "2137"]
[PlyCount "69"]
[EventDate "2004.10.10"]
[EventType "team"]
[EventRounds "11"]
[EventCountry "FRA"]
[SourceTitle "EXT 2006"]
[Source "ChessBase"]
[SourceDate "2005.11.24"]
[SourceVersion "1"]
[SourceVersionDate "2005.11.24"]
[SourceQuality "1"]
[WhiteTeam "Bagneux"]
[BlackTeam "Issy les Moulineaux"]
[WhiteTeamCountry "FRA"]
[BlackTeamCountry "FRA"]

1. e4 c5 2. Nf3 Nc6 3. d4 cxd4 4. Nxd4 Nf6 5. Nc3 d6 6. f3 e5 7. Nb3 Be7 8. Be3 Be6 9. Qd2 a6 10. 0-0-0 Qc7 11. g4 Rc8 12. Kb1 b5 13. g5 Nd7 14. Nd5 Qb8 15. h4 Bd8 16. h5 Ne7 17. Nxe7 Bxe7 18. Bh3 Bxh3 19. Rxh3 Nb6 20. Bxb6 Qxb6 21. Nc1 Qc6 22. Rh2 0-0 23. Nd3 a5 24. Rg1 Qb6 25. Rhg2 g6 26. Rh1 Qd8 27. f4 exf4 28. Qxf4 d5 29. Qh4 h6 30. hxg6 Bxg5 31. gxf7+ Kxf7 32. Qh5+ Ke7 33. Rxg5 hxg5 34. Qxg5+ Kd6 35. Qxd5+ 1-0

[Event "FRA-chT2 0405"]
[Site "France"]
[Date "2004.12.05"]
[Round "4.7"]
[White "Rabineau, Clement"]
[Black "Troffiguer, Olivier"]
[Result "1/2-1/2"]
[WhiteElo "2131"]
[BlackElo "2134"]
[PlyCount "69"]
[EventDate "2004.10.10"]
[EventType "team"]
[EventRounds "11"]
[EventCountry "FRA"]
[SourceTitle "EXT 2006"]
[Source "ChessBase"]
[SourceDate "2005.11.24"]
[SourceVersion "1"]
[SourceVersionDate "2005.11.24"]
[SourceQuality "1"]
[WhiteTeam "Clichy  II"]
[BlackTeam "Issy les Moulineaux"]
[WhiteTeamCountry "FRA"]
[BlackTeamCountry "FRA"]

1. e4 c5 2. Nf3 Nc6 3. Nc3 d6 4. d4 cxd4 5. Nxd4 Nf6 6. Bc4 e6 7. 0-0 Be7 8. Bb3 0-0 9. f4 Nxd4 10. Qxd4 a6 11. a4 Qc7 12. Qd3 b6 13. f5 exf5 14. Nd5 Nxd5 15. Bxd5 Be6 16. Bxa8 Bc4 17. Qf3 Bxf1 18. exf5 Bc4 19. Be4 d5 20. Bd3 Bf6 21. c3 Be5 22. g3 d4 23. Bd2 dxc3 24. Bxc3 Bxc3 25. bxc3 Qc5+ 26. Kg2 Bd5 27. Be4 Bxe4 28. Qxe4 Qxc3 29. Rf1 Rc8 30. Kh3 Qc6 31. Qf4 Qc4 32. Qxc4 Rxc4 33. Rd1 Kf8 34. Rd6 b5 35. a5 1/2-1/2

[Event "Issy les Moulineaux tt"]
[Site "Issy les Moulineaux"]
[Date "2004.11.21"]
[Round "1"]
[White "Launiau, Severin"]
[Black "Troffiguer, Olivier"]
[Result "0-1"]
[WhiteElo "2108"]
[BlackElo "2130"]
[PlyCount "50"]
[EventDate "2004.11.21"]
[EventType "team"]
[EventRounds "7"]
[EventCountry "FRA"]
[SourceTitle "EXT 2007"]
[Source "ChessBase"]
[SourceDate "2006.11.23"]
[SourceVersion "1"]
[SourceVersionDate "2006.11.23"]
[SourceQuality "1"]

1. c4 f5 2. Nf3 Nf6 3. Nc3 d6 4. g3 g6 5. Bg2 Bg7 6. 0-0 0-0 7. d4 Qe8 8. Bg5 Na6 9. Re1 Qf7 10. b3 Ne4 11. Nd5 Re8 12. h4 e6 13. Nf4 h6 14. e3 hxg5 15. hxg5 e5 16. Nh3 c6 17. Rc1 Bd7 18. Nh4 Rad8 19. Kh2 d5 20. c5 f4 21. g4 fxe3 22. fxe3 Nf2 23. Nxf2 Qxf2 24. Nxg6 Kf7 25. Nf4 exf4 0-1